000 00892nam a2200265Ia 4500
003 OSt
005 20220925233611.0
006 a|||||r|||| 00| 0
007 ta
008 220923b |||||||| |||| 00| 0 eng d
020 _a97881180520334
_c675.75
037 _bABPL/AD/13-14/37, 11/03/2014, Anne Books Pvt Ltd
_cGeneral Book
040 _aRTL
_cRTL
_beng
041 _2eng
_aeng
082 _aXM5:8, P3
100 _aJAIRETH Hanna
_9299093
245 0 _aInnovative governance
_b Indigenous peoples, local communities and protected areas
260 _a New Delhi
_bAne Books
_c2003
300 _axxxi, 338p.
_ccm.
490 _aOxford Oral History Series
650 _aCommerce
700 _a SMYTH Dermot
_9299094
942 _hXM5:8, P3
_cGB
_2CC
999 _c594117
_d594117